000 00619cam a22001817a 4500
008 180718b1976 xxu||||| |||| 00| 0 eng d
020 _a0275559807
082 _aJ72 Ap48
100 _aAppelbaum, Richard P.
245 _aEffects of Urban growth : a population impact analysis
_cRichard P. Appelbaum... And [ ei.al]
260 _aNew York
_bPraeger
_c1976
300 _axx,330p
650 _aSanta Barbara (Calif.) --Population.
650 _aUrban impact analysis --California --Santa Barbara
650 _aUrbanization --California --Santa Barbara
650 _aPopulation
650 _aCities and towns --Growth
999 _c409920
_d409920